000 01117nam a22003377a 4500
003 CHAP
005 20220329133443.0
008 971013s1991 r 00010 d
010 _a6558
011 _a7530
035 _a6753
040 _cCHAP
090 _aTesis
100 0 0 _aGonzález Estrada, María del Rosario.
_948887
245 _aPronósticos de precios en papa alpha a través del método de descomposición
260 _aChapingo, Méx. :
_bEl autor,
_c1991
300 _a54 h.
_b; gráfs.
500 _a62-201
502 _aTesis (Ing. Agr. Esp. en Economía Agrícola) -- UACH. Departamento de Economía Agrícola
590 _aALEPH
_b10
_c20130110
_lUCH01
_h1219
590 _aBATCH-UPD
_b10
_c20130110
_lUCH01
_h0106
590 _aBATCH-UPD
_b10
_c20130110
_lUCH01
_h1541
590 _aBATCH-UPD
_b10
_c20130409
_lUCH01
_h2057
590 _aBATCH-UPD
_b10
_c20130914
_lUCH01
_h1547
590 _aCONVERSION
_b10
_c20130109
_lUCH01
_h1305
650 1 4 _aPapa
_xPrecios.
_985273
650 1 4 _aPapa
_xVariedades.
_985300
901 _aBK
942 _cTESIS
949 _bBC
_cTES
_d-16363
_eTS1
_h25882
_i6753
_si
999 _c6558
_d6558